000 00980nam a2200313 i 4500
003 EG-GICUC
005 20260412092239.0
008 260412s1945 fr ||||fr|||| 00| 0 fre d
040 _aEG-GiCUC
_bfre
_cEG-GiCUC
_dEG-GiCUC
_eRda
041 _afre
082 0 4 _221
_a341.3
_bMA.E
092 0 4 _221
099 _aLaw1 11 341.3 MA.E 1945
100 1 _aMaleville , Georges
_eAuteur
245 _aA l'échelle mondiale :
_bEssai ne Union d'une Française Federale /
_cGeorges Maleville .
264 _aParis :
_b[indéfini] ,
_c1945 .
300 _a207 page ;
_c 24 cm.
336 _2rda contenu
_a texte
337 _2rda medias
_aOrdinateur
338 _2 transporteur rda
_a Ressource en ligne
500 _aThe Book Is a Essay
546 _aTexte en français
650 1 _aDroit international
650 1 _aRelations internationales
651 1 _2qrmak
856 4 0 _uhttps://fll.law.cu.edu.eg/fulltext/bks/B11-08169.pdf
905 _a60
942 _2ddc
_cBK
_e21
_n0
999 _c70152
_d70152